| 000 | 01156nam a2200337Ia 4500 | ||
|---|---|---|---|
| 001 | Z_1871 | ||
| 003 | CHAP | ||
| 008 | 220113s1992 xx 000 0 und d | ||
| 010 | _a164965 | ||
| 040 | _cCHAP | ||
| 090 | _aTesis R 1307 | ||
| 100 |
_aRuíz Flores, Agustín _9100671 |
||
| 245 |
_aDeterminación de niveles críticos y efectos de consanguinidad sobre características productivas, reproductivas y de crecimiento en ganado criollo lechero centroamericano y Romosinuano bajo condiciones de trópico húmedo / _cpor Agustín Ruíz Flores |
||
| 260 |
_aTurrialba, C. R. : _bEl autor, _c1992 |
||
| 300 | _a172 h. | ||
| 440 | _a | ||
| 502 | _aTesis (Maestro en Ciencias Especialista en Ciencias Agrícolas) -- CATIE | ||
| 503 | _a | ||
| 650 |
_aGanado lechero _x Trópicos _945303 |
||
| 650 |
_aGanado lechero _xCrecimiento I. CATIE _9139000 |
||
| 650 |
_aGanado lechero _xCruzas _945253 |
||
| 650 |
_aGanado lechero _xReproducción _945294 |
||
| 650 |
_aGanado vacuno _xFecundidad _945466 |
||
| 650 |
_aLactancia _964346 |
||
| 901 | _aTesis R 1307 | ||
| 902 | _aA | ||
| 910 | _a1992 | ||
| 942 | _c2 | ||
| 942 | _c2 | ||
| 999 |
_c164965 _d164965 |
||